00429nam a2200169Ia 4500001001000000003000500010008004100015010001100056040000900067082001700076100002600093245004700119260002700166300001200193650001900205650003500224Para_1875CHAP220125s1931 xx 000 0 und d a200468 cCHAP aPA 595.7 E88 aEssig, Edward Olivier aA history of entomology /c by E.O. Essig aNew York :b McMillan a1029 p. aEntomología  aEntomología x sistemática